Statistics for Fast Typing to 50

Click here to take the quiz!

General Stats

  • This quiz has been taken 569 times
  • The average score is 43 of 50

Answer Stats

#% Correct
1
100%
2
98%
3
98%
4
98%
5
98%
6
97%
7
97%
8
97%
9
96%
12
95%
10
93%
11
93%
14
93%
15
92%
18
92%
13
91%
16
91%
17
91%
19
90%
22
90%
21
89%
24
89%
25
89%
20
88%
23
88%
26
87%
27
86%
28
86%
29
86%
30
86%
32
86%
33
85%
31
83%
34
83%
35
83%
36
82%
37
80%
38
80%
39
79%
40
78%
45
78%
41
77%
44
76%
42
75%
43
74%
46
73%
47
72%
48
70%
50
69%
49
68%

Score Distribution

Percentile by Number Answered

Percent of People with Each Score

Your Score History

You have not taken this quiz